| 000 | 00794nam a22002057a 4500 | ||
|---|---|---|---|
| 999 |
_c7715 _d7715 |
||
| 003 | AR-CdUCM | ||
| 008 | 190321b ||||| |||| 00| 0 spa d | ||
| 040 |
_aMUNICIPALIDAD PROVINCIAL DEL CUSCO _cBIBLIOTECA MUNICIPAL DEL CUSCO |
||
| 082 |
_a573 / _bC73 |
||
| 100 |
_aComas, Juan _920782 |
||
| 245 | _aManual de antropología física / | ||
| 260 |
_aMéxico, Buenos Aires : _bFondo de Cultura Económica, _c1957. |
||
| 300 |
_a698 paginas ; _c23 cm. |
||
| 505 | _aContenido :Desarrollo de las ciencias naturales -- Origen y evolución del hombre -- Herencia -- Crecimiento -- Somatologia -- Biotipologia y tipos constitucionales ... | ||
| 650 |
_aAntropología física _920783 |
||
| 650 |
_aSeres humanos _921798 |
||
| 650 |
_aHerencia y origen _921799 |
||
| 942 |
_2ddc _cLIBROS |
||
| 945 | _arum | ||